So He Takes the Dog / Jonathan Buckley
Guardado en:
| Hovedforfatter: | |
|---|---|
| Format: | Bog |
| Sprog: | English |
| Udgivet: |
Gran Bretaña
Harper Perennial
2007
|
| Fag: | |
| Tags: |
Tilføj Tag
Ingen Tags, Vær først til at tagge denne postø!
|
MARC
| LEADER | 00000nam a2200000Ia 4500 | ||
|---|---|---|---|
| 008 | 170316s9999 xx 000 0 eng d | ||
| 020 | |a 978-0-00-722829-4 | ||
| 040 | |a cru BVZT | ||
| 090 | |a 820 B-28s | ||
| 100 | |a Buckley, Jonathan | ||
| 245 | |a So He Takes the Dog / Jonathan Buckley | ||
| 260 | |a Gran Bretaña | ||
| 260 | |b Harper Perennial | ||
| 260 | |c 2007 | ||
| 300 | |a 344 páginas | ||
| 546 | |a INGLÉS | ||
| 650 | |a LITERATURA INGLESA |9 12 | ||
| 650 | |a EN IDIOMA INGLÉS |9 129 | ||
| 650 | |a NOVELA |9 13 | ||
| 999 | |c 30952 |d 30952 | ||
| 942 | |c 15 D |h 820 B-28s |2 z | ||



